| 000 | 00830nam a22002297a 4500 | ||
|---|---|---|---|
| 003 | DO-SdBNP | ||
| 005 | 20250123122253.0 | ||
| 007 | ta | ||
| 008 | 110701s2003 dr 000 0 spa d | ||
| 040 |
_aDO-SdBNP _bspa _cBNPHU |
||
| 082 |
_axxxx _bxxxx |
||
| 100 | 1 |
_aFiallo Billini, José Antinoe _d1944- _910159 |
|
| 245 | 1 | 3 |
_aLa doble tanda : _befectos, límites y propuestas / _cJosé Antinoe Fiallo Billini,. |
| 260 |
_aSanto Domingo : _bSecretaría de Estado de Educación, _bUNESCO, _c2003 _fEditora de Colores |
||
| 300 |
_a60 p. ; _c28 cm. |
||
| 490 | 1 | _aCuaderno de educación básica para todos | |
| 590 | _aInventariado, 2023/ YL | ||
| 710 | 2 |
_aSecretaría de Estado de Educación (República Dominicana ) _919481 |
|
| 830 | 0 |
_aCuaderno de educación básica para todos _958007 |
|
| 910 | _aYLockward | ||
| 942 |
_2ddc _cLF2 |
||
| 999 |
_c31280 _d31280 |
||